| Tag |
First Indicator |
Second Indicator |
Subfields |
| LEADER |
00000cam a2200000Ka 4500 |
| 001 |
in00002707607 |
| 005 |
20210727155947.0 |
| 006 |
m d |
| 007 |
cr cn| |
| 008 |
110818s2011 gw ob 101 0 eng d |
| 020 |
|
|
|a 3642227929 (electronic bk.)
|
| 020 |
|
|
|a 9783642227929 (electronic bk.)
|
| 035 |
|
|
|a (OCoLC)747105630
|
| 035 |
|
|
|a (OCoLC)ocn747105630
|
| 035 |
|
|
|a 3922304
|
| 037 |
|
|
|a 978-3-642-22791-2
|b Springer
|n http://www.springerlink.com
|
| 040 |
|
|
|a GW5XE
|b eng
|c GW5XE
|d UtOrBLW
|
| 049 |
|
|
|a TXAC
|
| 050 |
|
4 |
|a QA76.9.A25
|b C79 2011
|
| 082 |
0 |
4 |
|a 005.8/2
|2 23
|
| 111 |
2 |
|
|a CRYPTO (Conference)
|n (31st :
|d 2011 :
|c Santa Barbara, Calif.)
|
| 245 |
1 |
0 |
|a Advances in cryptology-- CRYPTO 2011 :
|b 31st Annual Cryptology Conference, Santa Barbara, CA, USA, August 14-18, 2011, proceedings /
|c Phillip Rogaway (ed.).
|
| 264 |
|
1 |
|a Heidelberg ;
|a New York :
|b Springer,
|c [2011]
|
| 264 |
|
4 |
|c ©2011
|
| 300 |
|
|
|a 1 online resource.
|
| 336 |
|
|
|a text
|b txt
|2 rdacontent
|
| 337 |
|
|
|a computer
|b c
|2 rdamedia
|
| 338 |
|
|
|a online resource
|b cr
|2 rdacarrier
|
| 490 |
1 |
|
|a LNCS sublibrary. SL 4, Security and cryptology
|
| 490 |
1 |
|
|a Lecture notes in computer science ;
|v 6841
|
| 500 |
|
|
|a Electronic resource.
|
| 500 |
|
|
|a International conference proceedings.
|
| 504 |
|
|
|a Includes bibliographical references and author index.
|
| 650 |
|
0 |
|a Cryptography
|v Congresses.
|0 http://id.loc.gov/authorities/subjects/sh2008101157
|
| 650 |
|
0 |
|a Data encryption (Computer science)
|v Congresses.
|0 http://id.loc.gov/authorities/subjects/sh2008102033
|
| 655 |
|
7 |
|a Electronic books.
|2 local
|
| 700 |
1 |
|
|a Rogaway, Phillip.
|0 http://id.loc.gov/authorities/names/nb2011021051
|
| 710 |
2 |
|
|a SpringerLink (Online service)
|0 http://id.loc.gov/authorities/names/no2005046756
|
| 830 |
|
0 |
|a LNCS sublibrary.
|n SL 4,
|p Security and cryptology.
|0 http://id.loc.gov/authorities/names/no2007042442
|
| 830 |
|
0 |
|a Lecture notes in computer science ;
|v 6841.
|0 http://id.loc.gov/authorities/names/n42015162
|
| 856 |
4 |
0 |
|u http://proxy.library.tamu.edu/login?url=https://dx.doi.org/10.1007/978-3-642-22792-9
|z Connect to the full text of this electronic book
|t 0
|
| 994 |
|
|
|a 92
|b TXA
|
| 999 |
|
|
|a MARS
|
| 999 |
f |
f |
|s 6a919de5-a7df-38c9-8cfc-e216f90589f4
|i 6f40f757-7d56-3f8a-9431-cca8cd3d0197
|t 0
|
| 952 |
f |
f |
|a Texas A&M University
|b College Station
|c Electronic Resources
|d Available Online
|t 0
|e QA76.9.A25 C79 2011
|h Library of Congress classification
|
| 998 |
f |
f |
|a QA76.9.A25 C79 2011
|t 0
|l Available Online
|